| 000 | 00548nam a22001817a 4500 | ||
|---|---|---|---|
| 008 | 170616b xxu||||| |||| 00| p tur d | ||
| 020 | _a9753083920 | ||
| 041 | _atur | ||
| 050 | _aPL234.A415 | ||
| 100 |
_a Alkaya, Orhan _9312 |
||
| 245 |
_aYenilgiler Tarihi Cilt 1 _cOrhan Alkaya |
||
| 250 | _a2. baskı | ||
| 260 |
_aİstanbul _bGendaş Kültür _cMayıs 2002 |
||
| 300 | _a96 sayfa | ||
| 500 | _aYeni Seri: 317; Türk Şiiri: 15 Birinci Baskı: 1994 (Telos Yayınları) 2 adet mevcuttur. | ||
| 650 | 0 |
_9145 _aTürk Edebiyatı |
|
| 942 |
_2lcc _cBK |
||
| 999 |
_c270 _d266 |
||